ARRUPE JESUIT UNIVERSITY

CORONAVIRUS -STOP THE SPREAD - CLEAN,DISINFECT,COVER

De mundi sensibilis atque intelligibilis forma et principiis (Record no. 125961)

MARC details
000 -LEADER
fixed length control field 00534nam a22001577a 4500
005 - DATE AND TIME OF LATEST TRANSACTION
control field 20170112095634.0
008 - FIXED-LENGTH DATA ELEMENTS--GENERAL INFORMATION
fixed length control field 170112b xxu||||| |||| 00| 0 eng d
050 ## - LIBRARY OF CONGRESS CALL NUMBER
Classification number B2794.U3 1958
100 ## - MAIN ENTRY--PERSONAL NAME
Personal name Kant, Immanuel
9 (RLIN) 28279
245 ## - TITLE STATEMENT
Title De mundi sensibilis atque intelligibilis forma et principiis
Statement of responsibility, etc by Kant, Immanuel
260 ## - PUBLICATION, DISTRIBUTION, ETC. (IMPRINT)
Place of publication, distribution, etc Hamburg
Name of publisher, distributor, etc Verlag Von Felix Meiner
Date of publication, distribution, etc 1958
300 ## - PHYSICAL DESCRIPTION
Extent xvi, 104p.;
Dimensions 20cm.
440 ## - SERIES STATEMENT/ADDED ENTRY--TITLE
Title Philosophische bibliothek band
Volume number/sequential designation n. 251
9 (RLIN) 28280
700 ## - ADDED ENTRY--PERSONAL NAME
Personal name Reich, Klans
Relator term ed.
9 (RLIN) 28281
942 ## - ADDED ENTRY ELEMENTS (KOHA)
Source of classification or shelving scheme Library of Congress Classification
Item type Monograph ( Printed materials)
Holdings
Withdrawn status Lost status Source of classification or shelving scheme Damaged status Not for loan Collection code Home library Current library Shelving location Date acquired Total Checkouts Full call number Barcode Date last seen Price effective from Koha item type
    Library of Congress Classification     Main Collection ARRUPE LIBRARY ARRUPE LIBRARY Main Collection 12/01/2017   B2794.U3 1958 46500022588 12/01/2017 12/01/2017 Monograph ( Printed materials)

 

Arrupe Library. PO Box MP320 Mt Pleasant, Harare, Zimbabwe
263 242 745411|librarian@aju.ac.zw